| 000 | 01430nam a2200241Ia 4500 | ||
|---|---|---|---|
| 003 | Ost | ||
| 005 | 20260507075200.0 | ||
| 008 | 260507s9999||||xx |||||||||||||| ||und|| | ||
| 040 | _cfsecg | ||
| 041 | _aara | ||
| 082 | _a330 | ||
| 100 |
_aالعلاق، بشير _eمؤلف |
||
| 245 | 0 |
_aقضايا تسويقية معاصرة / _c بشير العلاق |
|
| 260 |
_aعمان: _bدار اليازوري, _c2010 |
||
| 300 |
_a271 صفحة؛ _bإيضاحات ؛ |
||
| 504 | _aمراجع ص.265 | ||
| 520 | _aمنظور مبتكر لعملية التخطيط التسويقي و دورته و مكوناته الأساسية ، مفاهيم التجارة النقالة ، الصفات المميزة للاتصالات النقالة ، اللاعبون الرئيسيون و التقنيات و التطبيقات التمكينية للتجارة النقالة ، الاستراتيجية و الادارة الصيدلانية الرقمية ،إدارة الابتكار و التغيير الصيدلاني ، التخطيط للتغييرالتنظيمي و التجديد و إدارة المعرفة الصيدلانية ، إدارة العلاقات مع العملاء في البيئة المادية و الالكترونية . | ||
| 653 | _aالتجارة | ||
| 653 | _aالتخطيط التسويقي | ||
| 653 | _aالتسويق | ||
| 653 | _aالصناعة الصيدلانية | ||
| 942 | _cكتاب | ||
| 999 |
_c43394 _d43394 |
||